LEADER 00879nam a22002891i 4500 001 991004379434907536 005 20250507165151.0 008 250507s1988 it |||er|||||001|0 ita d 020 $a8818010239 040 $aBibl. Dip.le Aggr. Studi Umanistici - Sez. Filosofia$bita$cSocioculturale Scs 041 1 $aita$hfre 082 04$a133.9$223 100 1 $aGuénon, René$0384648 240 12$aL'erreur spirite 245 10$aErrore dello spiritismo /$cRené Guénon 250 $a2. edizione 260 $aMilano :$bRusconi,$c1988 300 $a399 p. ;$c22 cm 490 1 $aProlemi attuali 500 $aTraduzione dal francese di Pietro Nutrizio e Luigi Grozio 650 4$aSpiritismo$xTeorie 700 1 $aNutrizio, Pietro 700 1 $aGrozio, Luigi 830 0$aProlemi attuali 912 $a991004379434907536 996 $aErreur spirite$94373871 997 $aUNISALENTO